Quizzes
Events
Quiz Creation
Community
Videos
Private Events
Remove Ads
Sign In
Join for FREE
Feedback
Dark Mode
Quiz Categories
Sports
Geography
Music
Movies
Television
Just For Fun
Miscellaneous
History
Literature
Language
Science
Gaming
Entertainment
Religion
Holiday
For Kids
Quiz Lab
Recent
Popular Today
Quiz Kudos Today
Editor Picks
Curator Picks
Quizzes by...
Day
Popularity
Type
Ratings
Length
Year
Community
Subscriptions
Recent Discussions
Orange Saloon
Badges
Playlists
Quests
Create
Leaderboards
Showdown
Live 5
Trivia Bingo
Activity
Puzzle Library
Sporcle Events
Private Events
Virtual Trivia
Globe League
Become a Host
Pub Owners
SporcleCon
Opinionation
Our Games
Videos
Blog
Mobile Apps
Partnerships
Remove Ads and Go Orange
Feedback
Sports
Athletes
MLB
NBA
NHL
NFL
Soccer
Sports Teams
WWE
NCAA
Football
Premier League
Basketball
Baseball
Hockey
Golf
Tennis
Cricket
Rugby
Auto Racing
Olympics
World Cup
Sports
Athletes
MLB
NBA
NHL
NFL
Soccer
Sports Teams
WWE
NCAA
Football
Premier League
Basketball
Baseball
Hockey
Golf
Tennis
Cricket
Rugby
Auto Racing
Olympics
World Cup
Random Quiz
Search Sporcle
×
Quiz Lab
Quiz Lab
Sports
NBA
Type in answers that appear in a list
Type in answers that appear in a list
Classic
Best Score? Go Orange.
Shortest NBA Players Stats
Can you name the 10 shortest NBA players ever?
By
alvinschang
3m
10 Questions
694 Plays
694 Plays
694 Plays
Comments
Comments
Give Quiz Kudos
Give Quiz Kudos
-
- Ratings
hide this ad
Replay
Link that replays current quiz
Next Quiz
Link to next quiz in quiz playlist
You Got
0%
They Got
Avg Score
23%
Avg Friend Score
Upgrade to see
Score Distribution
Jump to the score distribution portion of the page
Score
0/10
Timer
03:00
0
Plays Today
Hint
Player
% Correct
A dunk champion in 1986
Spud Webb
90.9%
A Kryptonite performance at 2008 dunk contest
Nate Robinson
77.9%
Won the Francis Pomeroy Naismith Award in 1998
Earl Boykins
46.3%
Invented alley-
oop with David Thompson
Monte Towe
3.9%
Discovered by Trenton St. coaches on playground
Greg Grant
3.6%
Started in the CBA until he joined the Hawks in 1976
Charlie Criss
2.9%
Selected by Raptors in 1995 expansion draft
Keith Jennings
2.6%
Formed the teams the Globetrotters clobbered
Red Klotz
2.2%
First non-
caucasian in NBA (then known as the Basketball Association of America)
Wataru Misaka
2%
One of four NBA players on his high school team
Muggsy Bogues
-0.1%
Quiz Playlist
Details
Report
Send in Message
Add To Playlist
Classic:
Type in answers that appear in a list
Quiz Source
Last Updated: Feb 16, 2017
Quiz Scoreboard
CHALLENGE
Sign Up to Join the Scoreboard
Show All
Scores
Hide
Comments
May contain spoilers
Recently Published
Click the 1999 NBA Draft
by nibperrychub
Sports
2m
Alphabetical 'K' Countries by Flag Minefield
by ylime102
Geography
3m
Pick 6: Fruits
by JohnFran
Miscellaneous
15s
More to Explore
Quiz From the Vault
Featured Blog Post
15 Basketball Trivia Facts You Can Be March Mad About
hide this ad
You Might Also Like...
Tags
Basketball Quiz
NBA Quiz
Ever
height
NBA Player
Player
shortest
Today's Top Quizzes in Sports
Browse Sports
hide this ad
Today's Top Quizzes in NBA
Browse NBA
Top Contributed Quizzes in Sports
1
Les joueurs à 100 buts en Ligue 1 Uber Eats
2
Pick 6: NFL Teams
3
MLB 2 truths and a lie: Hall of Fame pitchers
4
2022 World Cup Stars
5
Criteria MLB: Left Handed Sluggers
6
Millionaire: NBA Finals Edition
7
Pick 6: Minor League Baseball
8
Click the 1998 NBA Draft
9
Don't Strike Out: 3000 Strikeouts
10
Pick 6: Olympics
Explore More
Trending Topics
Anime
Harry Potter
Disney
Kpop
Marvel
Crossword
NBA
WWE
Song
Country
The Office
Soccer
Pokémon
Puzzle
NFL
hide this ad
More By:
alvinschang
Quiz
Plays
Rating
Category
Featured
Created
Shortest NBA Players
694
1.67
Sports
Oct 2, 2009
Go to Creator's Profile
Score Distribution
Quiz Creator Spotlight
alvinschang
Follow
Send a Message
Quizzes Created
-
Created Quiz Play Count
-
More By This Creator
Popular Quizzes Today
1
Countries of Asia Without Outlines Minefield
2
Find the US States - No Outlines Minefield
3
Pick 6: Fruits
4
Alphabetical 'K' Countries by Flag Minefield
5
The Countries of the World
6
Find the US States
7
US States
8
Match the Book to the Film X
More Sports Quizzes
AEW: Double or Nothing 2022 Match Card
Curator's Pick
Trending Quizzes
Pick 6: Harry Potter
Pick 6: Mountains
Pick 6: NFL Teams
Pick 6: Flags
Pick 6: Movie Franchises
Recently Updated
NWSL Teams
pecheneg
Women's Final Four Teams by Year
bhenderson79
Presidents Quartet II
eogle
Anything But Clue(do)
eogle
Anything But Oceanian Capitals
eogle
Anything But 7
eogle
Anything But Thing
eogle
Word Ladder: February 29
pecheneg
Song Title Questions
pecheneg
Women's NCAA Tournament #1 Seeds
pecheneg
Trending Topics
Kpop
Marvel
Anime
NBA
Harry Potter
Crossword
Disney
Country
NFL
Soccer
Song
Pokémon
Puzzle
The Office
WWE
Your Account Isn't Verified!
In order to create a playlist on Sporcle, you need to verify the email address you used during registration. Go to your
Sporcle Settings
to finish the process.
Report this User
Report this user for behavior that violates our
Community Guidelines
.
Details:
Send Report
Go to the Sporcle.com Mobile Site →
Comments